Central Library OPAC University of Rajshahi

The evolution of differentiation / (Record no. 72537)

MARC details
000 -LEADER
fixed length control field 00757nam a2200265 a 4500
001 - CONTROL NUMBER
control field 72537
003 - CONTROL NUMBER IDENTIFIER
rucl marc code BD-RjUL
005 - DATE AND TIME OF LATEST TRANSACTION
control field 20211209082256.0
008 - FIXED-LENGTH DATA ELEMENTS--GENERAL INFORMATION
fixed length control field 170520s1967 enka b 001 0 eng
035 ## - SYSTEM CONTROL NUMBER
System control number (BD-RjUL)72755
040 ## - CATALOGING SOURCE
Original cataloging agency DLC
Transcribing agency DLC
Modifying agency BD-RjUL
Language of cataloging eng
041 ## - LANGUAGE CODE
Language code of text/sound track or separate title eng
082 00 - DEWEY DECIMAL CLASSIFICATION NUMBER
Classification number 571.835
Edition number 23
Author mark and year BUE 1967
100 1# - MAIN ENTRY--PERSONAL NAME
Personal name Bullough, William Sydney,
Dates associated with a name 1914-
9 (RLIN) 214564
245 14 - TITLE STATEMENT
Title The evolution of differentiation /
Statement of responsibility, etc. William S. Bullough.
260 ## - PUBLICATION, DISTRIBUTION, ETC. (IMPRINT)
Place of publication, distribution, etc. New York :
Name of publisher, distributor, etc. Academic Press,
Date of publication, distribution, etc. 1967.
300 ## - PHYSICAL DESCRIPTION
Pagination vi, 206 p. :
Illustrations ill. ;
Size 24 cm.
350 ## - PRICE (NR) (BK AM CF MU VM SE) [OBSOLETE]
Price 45/-
500 ## - GENERAL NOTE
General note Includes index
650 #0 - SUBJECT ADDED ENTRY--TOPICAL TERM
Topical term or geographic name as entry element Cell differentiation.
9 (RLIN) 205485
Topical term or geographic name as entry element Cytogenetics.
9 (RLIN) 214565
Topical term or geographic name as entry element Carcinogenesis.
9 (RLIN) 207063
942 ## - ADDED ENTRY ELEMENTS (KOHA)
Source of classification or shelving scheme Dewey Decimal Classification
Koha item type Books
Holdings
Lost status Source of classification or shelving scheme Damaged status Not for loan Collection code Permanent Location Current Location Shelving location Date acquired Source of acquisition Cost, normal purchase price Total Checkouts Full call number Date last seen Copy number Koha item type
  Dewey Decimal Classification   Not For Loan Non-fiction Central Library, University of Rajshahi Central Library, University of Rajshahi Reading Room 10/04/1987 Book View 47.50   571.835 BUE 1967 20/05/2017 C-1 Books